Online Catalogue and eLibrary

Uzhaippai ozhippom (Record no. 1381)

MARC details
000 -LEADER
fixed length control field 00482nam a2200157Ia 4500
005 - DATE AND TIME OF LATEST TRANSACTION
control field 20250424063710.0
008 - FIXED-LENGTH DATA ELEMENTS--GENERAL INFORMATION
fixed length control field 240331s9999 xx 000 0 und d
020 ## - INTERNATIONAL STANDARD BOOK NUMBER
ISBN 8177200216
082 ## - DDC Classification
Item Number - Author Mark LAF
Class No. 300
100 ## - MAIN ENTRY--PERSONAL NAME
Personal name Lafargue ,P
245 #0 - TITLE STATEMENT
Title Uzhaippai ozhippom
260 ## - PUBLICATION, DISTRIBUTION, ETC.
Place of publication, distribution, etc. Puthanatham
Name of publisher, distributor, etc. Adaiyalam
Date of publication, distribution, etc. 2003
300 ## - PHYSICAL DESCRIPTION
Extent (e.g. Volumes, Pages etc.) 80 p .,
500 ## - GENERAL NOTE
General note Ulaippu, somberithanam enbavai kuritha marabuvalippata purthalkalai udaithu maatru sinthanaiyil thamilil molzhi peyerkapata nool
942 ## - Koha item type (Biblio)
Koha item type Books in Stacks (Lending)
Holdings
Lost status Damaged status Collection code Home library Current library Shelving location Date acquired Full call number Accession Number Item type
    Lending WERC Library WERC Library Social Science Cupboard 03/31/2024 300 LAF 5449 Books in Stacks (Lending)

© WERC Library